000 00788nam a2200145 i 4500
001 174399
003 ES-MaACL
005 20230906215521.0
008 100414s1820 sp |||| | spa d
245 0 0 _aColección de varios documentos de la calunniosa [sic] causa seguida contra Francisco Fernandez del Castillo, cura párroco del Sagrario de la Sta. Iglesia Catedral de Cadiz, con asignación á la parroquia de Nuestra Señora del Rosario, por su adhesion a los principios constitucionales, empezada en el año de 1814 y finalizada en 1819.
260 _aCádiz :
_b[s.n.],
_c1820 (
_fen la imprenta Gaditana de Esteban Picardo)
300 _a75 p. ;
_c22 cm.
600 0 4 _aFernández del Castillo, Francisco.
_949731
852 _aES-MaACL
_jR-3308(10)
_z.- Encuadernado con otras obras
999 _c174399
_d174399